[Event "Mistrzostwa Polski Juniorow w Szachach Szybkich Grupa D16"]
[Site "Hala Widowiskowo-Sportowa Spodek w Katowicach, Aleja Wojciecha Korfantego 35"]
[Date "1899-12-30"]
[Round "1.1"]
[White "Trybowska, Barbara"]
[Black "Dmochowska, Agnieszka"]
[Result "0-1"]
[WhiteTitle "I"]
[BlackTitle "WCM"]
[WhiteElo "1507"]
[BlackElo "1964"]

1. e4 c5 2. Nf3 d6 3. c4 Nc6 4. Nc3 g6 5. d3 Bg7 6. Be3 Nf6 7. Be2 O-O 8. O-O a6
9. Qd2 Rb8 10. Bh6 b5 11. Bxg7 Kxg7 12. b3 Qa5 13. Qc2 Bd7 14. Nd5 bxc4 15. dxc4
Rfe8 16. Rfd1 Bg4 17. Nxf6 exf6 18. Rxd6 Qc7 19. Rad1 Bxf3 20. Bxf3 Nd4 21. R6xd4
cxd4 22. Rxd4 Rbd8 23. Rd5 Rxd5 0-1

[Event "Mistrzostwa Polski Juniorow w Szachach Szybkich Grupa D16"]
[Site "Hala Widowiskowo-Sportowa Spodek w Katowicach, Aleja Wojciecha Korfantego 35"]
[Date "1899-12-30"]
[Round "1.2"]
[White "Kubicka, Anna"]
[Black "Sekowska, Helena"]
[Result "0-1"]
[WhiteTitle "m"]
[BlackTitle "I"]
[WhiteElo "1886"]
[BlackElo "1499"]

1. e4 c5 2. Nf3 e6 3. d4 cxd4 4. Nxd4 Nf6 5. Bd3 Nc6 6. Be3 Ne5 7. O-O Be7 8. Nc3
Nxd3 9. cxd3 d5 10. e5 Nd7 11. f4 h5 12. Ncb5 Qb6 13. a4 a5 14. Nf5 Bc5 15. Nfd6+
Ke7 16. Bxc5 Nxc5 17. Kh1 Bd7 18. f5 exf5 19. Nxf5+ Bxf5 20. Rxf5 Rh6 21. Qf3
Rf8 22. Qxd5 Qc6 23. Qc4 Rg6 24. Nd4 Qxg2# 0-1

[Event "Mistrzostwa Polski Juniorow w Szachach Szybkich Grupa D16"]
[Site "Hala Widowiskowo-Sportowa Spodek w Katowicach, Aleja Wojciecha Korfantego 35"]
[Date "1899-12-30"]
[Round "1.3"]
[White "Ziziuk, Martyna"]
[Black "Antolak, Julia"]
[Result "0-1"]
[WhiteTitle "I"]
[BlackTitle "k+"]
[WhiteElo "1482"]
[BlackElo "1884"]

1. c4 Nf6 2. Nc3 g6 3. d4 Bg7 4. g3 d6 5. Bg2 O-O 6. e3 Nbd7 7. Nge2 e5 8. O-O
c6 9. b3 Qe7 10. Bb2 Ne8 11. Qd2 f5 12. dxe5 dxe5 13. Rad1 e4 14. f3 exf3 15.
Bxf3 Ne5 16. Bg2 Nf6 17. Nd4 Neg4 18. Rde1 Bh6 19. Rf3 Bd7 20. Nc2 Rfd8 21. Qe2
Be8 22. h3 Ne5 23. Rff1 Nd3 24. Rb1 Nxb2 25. Rxb2 Bg7 26. Nd4 Bf7 27. Rc2 Re8
28. Re1 Rad8 29. Nf3 Bh6 30. Kf2 Nd7 31. e4 Nc5 32. Rd1 Rxd1 33. Nxd1 Nxe4+ 34.
Kg1 Nxg3 35. Qxe7 Rxe7 36. Kf2 Ne4+ 37. Kf1 Rd7 38. Ke2 Bg7 39. Ne3 Re7 40. Nd2
Nxd2 41. Kxd2 Bh6 42. Rc3 Kg7 43. Kd3 Rxe3+ 44. Kc2 Re2+ 0-1

[Event "Mistrzostwa Polski Juniorow w Szachach Szybkich Grupa D16"]
[Site "Hala Widowiskowo-Sportowa Spodek w Katowicach, Aleja Wojciecha Korfantego 35"]
[Date "1899-12-30"]
[Round "1.4"]
[White "Marczuk, Anna"]
[Black "Rudol, Maria"]
[Result "1-0"]
[WhiteTitle "k"]
[BlackTitle "I"]
[WhiteElo "1874"]
[BlackElo "1482"]

1. e4 d5 2. exd5 Qxd5 3. Nc3 Qa5 4. d4 Nf6 5. Bc4 Bf5 6. Bd2 c6 7. Nf3 e6 8. Qe2
Qc7 9. O-O-O Nbd7 10. h3 h6 11. g4 Bh7 12. Ne5 Nxe5 13. dxe5 Nd5 14. Nxd5 cxd5
15. Bb5+ Kd8 16. Bc3 Bc5 17. f4 a6 18. Bd3 Bxd3 19. Qxd3 b5 20. f5 b4 21. Bd4
Bxd4 22. Qxd4 Rc8 23. Rd2 Qc4 24. Qb6+ Ke7 25. Qd6+ Ke8 26. fxe6 fxe6 27. Qxe6+
Kf8 28. Rf2+ 1-0

[Event "Mistrzostwa Polski Juniorow w Szachach Szybkich Grupa D16"]
[Site "Hala Widowiskowo-Sportowa Spodek w Katowicach, Aleja Wojciecha Korfantego 35"]
[Date "1899-12-30"]
[Round "1.5"]
[White "Skorupa, Oliwia"]
[Black "Olechnicka, Karolina"]
[Result "0-1"]
[WhiteTitle "I"]
[BlackTitle "k++"]
[WhiteElo "1474"]
[BlackElo "1750"]

1. e4 c5 2. Nf3 d6 3. Bb5+ Bd7 4. Bxd7+ Qxd7 5. O-O g6 6. c3 Bg7 7. d4 Na6 8. Be3
Nf6 9. Nbd2 O-O 10. Qc2 Rac8 11. Rfe1 Ng4 12. dxc5 Nxe3 13. Rxe3 Nxc5 14. Nb3
Rfd8 15. Rd1 Qa4 16. Re2 Qxa2 17. Nxc5 Rxc5 18. Ree1 Bxc3 19. Rf1 Qxb2 20. Qxb2
Bxb2 21. Rb1 Rc2 22. Ne1 Rd2 23. Nf3 Re2 24. Rfe1 Rxe1+ 25. Nxe1 Bc3 26. Nd3 b6
27. Rc1 Rc8 28. e5 dxe5 29. Nxe5 Rc7 30. Nf3 b5 31. h3 b4 32. Nd2 a5 33. Nb3 a4
34. Nd4 Rc5 35. Ne2 a3 36. Kf1 a2 37. Nxc3 Rxc3 38. Ra1 b3 39. Ke2 b2 40. Rxa2
b1=Q 41. Ra8+ Kg7 42. Kd2 Rd3+ 43. Ke2 Qd1# 0-1

[Event "Mistrzostwa Polski Juniorow w Szachach Szybkich Grupa D16"]
[Site "Hala Widowiskowo-Sportowa Spodek w Katowicach, Aleja Wojciecha Korfantego 35"]
[Date "1899-12-30"]
[Round "2.1"]
[White "Dmochowska, Agnieszka"]
[Black "Karleszko, Karolina"]
[Result "1-0"]
[WhiteTitle "WCM"]
[BlackTitle "I+"]
[WhiteElo "1964"]
[BlackElo "1614"]

1. e4 c5 2. c3 d5 3. exd5 Qxd5 4. d4 cxd4 5. cxd4 Nc6 6. Nf3 Bg4 7. Nc3 Qa5 8.
Bb5 a6 9. Bxc6+ bxc6 10. O-O Nf6 11. Qd3 e6 12. Ne5 Rc8 13. Nxg4 Nxg4 14. Ne4
Qc7 15. g3 Bd6 16. Nxd6+ Qxd6 17. Bf4 Qd7 18. Qxa6 O-O 19. Rac1 Qxd4 20. Rxc6
Rxc6 21. Qxc6 e5 22. Bc1 Rd8 23. Bg5 f6 24. Bc1 e4 25. Qe6+ Kh8 26. Qxg4 1-0

[Event "Mistrzostwa Polski Juniorow w Szachach Szybkich Grupa D16"]
[Site "Hala Widowiskowo-Sportowa Spodek w Katowicach, Aleja Wojciecha Korfantego 35"]
[Date "1899-12-30"]
[Round "2.2"]
[White "Antolak, Julia"]
[Black "Karykowska, Anna"]
[Result "0-1"]
[WhiteTitle "k+"]
[BlackTitle "I++"]
[WhiteElo "1884"]
[BlackElo "1514"]

1. e4 c5 2. Nf3 a6 3. c4 e6 4. d4 cxd4 5. Nxd4 Nf6 6. Nc3 Qc7 7. Bd3 Nc6 8. Nxc6
bxc6 9. O-O Be7 10. f4 d6 11. Qe2 O-O 12. Kh1 Bb7 13. b3 d5 14. e5 Nd7 15. Bb2
a5 16. cxd5 cxd5 17. Nb5 Qb6 18. a4 Nc5 19. Bc2 Ba6 20. Bd4 Rab8 21. Bxc5 Bxc5
22. Bd3 Bb4 23. Rf3 g6 24. Rh3 f5 25. exf6 Rxf6 26. Qe5 Rbf8 27. Rf3 Bxb5 28.
axb5 Bd6 29. Qc3 Bb4 30. Qc6 Qd4 31. Raf1 e5 32. Qd7 e4 33. Bxe4 Qxe4 34. Rh3
R6f7 35. Qc6 Rxf4 36. Rg1 Rf1 37. Qb6 d4 0-1

[Event "Mistrzostwa Polski Juniorow w Szachach Szybkich Grupa D16"]
[Site "Hala Widowiskowo-Sportowa Spodek w Katowicach, Aleja Wojciecha Korfantego 35"]
[Date "1899-12-30"]
[Round "2.3"]
[White "Pluta, Natalia"]
[Black "Marczuk, Anna"]
[Result "0-1"]
[WhiteTitle "I"]
[BlackTitle "k"]
[WhiteElo "1516"]
[BlackElo "1874"]

1. c4 f5 2. g3 d6 3. d4 Nf6 4. Bg2 g6 5. Nc3 Bg7 6. e3 O-O 7. Nge2 c6 8. O-O Nbd7
9. Rb1 e5 10. d5 c5 11. Nb5 Nb6 12. Qc2 a6 13. Na3 Nbd7 14. Bd2 Rb8 15. b4 b6
16. b5 a5 17. Rbe1 e4 18. Bc3 Ng4 19. Nf4 Nde5 20. h3 Nh6 21. Bxe5 Bxe5 22. h4
Nf7 23. f3 exf3 24. Bxf3 Qf6 25. Kg2 Bd7 26. Qe2 Rfe8 27. e4 Bxf4 28. gxf4 Qxh4
29. e5 dxe5 30. fxe5 Nxe5 31. Qxe5 Rxe5 32. Rxe5 Qg5+ 33. Kf2 Qd2+ 34. Re2 Qd4+
35. Kg2 Re8 36. Rfe1 Rxe2+ 37. Rxe2 Kf7 38. d6 Qxd6 39. Bd5+ Kf6 40. Nb1 Qf4 41.
Nd2 Qg4+ 42. Kf2 f4 43. Ne4+ Kg7 44. Nd2 Qg3+ 45. Kf1 Bh3+ 0-1

[Event "Mistrzostwa Polski Juniorow w Szachach Szybkich Grupa D16"]
[Site "Hala Widowiskowo-Sportowa Spodek w Katowicach, Aleja Wojciecha Korfantego 35"]
[Date "1899-12-30"]
[Round "2.4"]
[White "Olechnicka, Karolina"]
[Black "Kwiatkowska, Agnieszka"]
[Result "1/2-1/2"]
[WhiteTitle "k++"]
[BlackTitle "I"]
[WhiteElo "1750"]
[BlackElo "1448"]

1. e4 d5 2. exd5 Qxd5 3. Nc3 Qd6 4. d4 Nf6 5. Bc4 c6 6. Nge2 Bf5 7. Bf4 Qd8 8.
Qd2 e6 9. O-O-O Bd6 10. f3 Qc7 11. g4 Bg6 12. h4 h5 13. g5 Nd5 14. Nxd5 cxd5 15.
Bxd6 Qxd6 16. Bd3 Bxd3 17. Qxd3 Nd7 18. Kb1 Rc8 19. f4 g6 20. Rhe1 O-O 21. Qe3
Rc6 22. Rd3 Rfc8 23. Rc1 a5 24. Ng1 b5 25. Nf3 Qc7 26. Qd2 b4 27. Ne5 Rb6 28.
Re3 a4 29. Qd3 Nxe5 30. fxe5 b3 31. a3 bxc2+ 32. Rxc2 Qb8 33. Rxc8+ Qxc8 34. Qc2
Qc4 35. Qxc4 dxc4 36. Kc2 Kf8 37. Rc3 Rc6 38. Kd2 Rb6 39. Rc2 Rb3 40. Rxc4 Rxb2+
41. Ke1 Rb1+ 42. Ke2 Rb2+ 43. Kd3 Rh2 44. Rxa4 Rxh4 45. Ra7 Rh1 46. a4 Ra1 47.
Ke3 h4 48. Kf3 Rd1 49. Rd7 Ke8 50. Rd6 Rd3+ 51. Kf2 Ra3 52. Kg2 Rxa4 53. Kh3 Ra1
54. Kxh4 Rg1 55. Ra6 Rd1 56. Rd6 Rg1 57. Rb6 1/2-1/2

[Event "Mistrzostwa Polski Juniorow w Szachach Szybkich Grupa D16"]
[Site "Hala Widowiskowo-Sportowa Spodek w Katowicach, Aleja Wojciecha Korfantego 35"]
[Date "1899-12-30"]
[Round "2.5"]
[White "Sekowska, Helena"]
[Black "Stebel, Agata"]
[Result "1/2-1/2"]
[WhiteTitle "I"]
[BlackTitle "k"]
[WhiteElo "1499"]
[BlackElo "1731"]

1. e4 d6 2. d4 Nf6 3. Nc3 g6 4. Nf3 Bg7 5. Bd3 O-O 6. O-O c6 7. a4 b6 8. Bd2 Ba6
9. Bxa6 Nxa6 10. Re1 Nc7 11. Na2 d5 12. e5 Nd7 13. Qc1 Ne6 14. c3 c5 15. Qd1 a5
16. Ng5 Nxg5 17. Bxg5 h6 18. Be3 e6 19. Qd2 Kh7 20. Nc1 c4 21. Ne2 Qc7 22. Ra3
Qc6 23. h4 f6 24. exf6 Nxf6 25. f3 Qe8 26. Rf1 Ra7 27. g4 Raf7 28. Kg2 h5 29.
g5 Nd7 30. Qc2 e5 31. Raa1 exd4 32. Bxd4 Ne5 33. Bxe5 Qxe5 34. Rae1 Qf5 35. Qxf5
Rxf5 36. Ng3 Rf4 37. Re7 Rxh4 38. Rd1 Rd8 39. Ne4 Rf4 40. Nf6+ Kh8 41. Rxd5 Rxd5
42. Re8+ Bf8 43. Nxd5 Rf5 44. Nxb6 Rxg5+ 45. Kf2 Kg7 46. Nxc4 Rf5 47. Ne3 Bc5
48. Ke2 Bxe3 49. Kxe3 Rf7 50. Ra8 Rb7 51. Rxa5 Rxb2 52. Kf4 Rc2 53. Ke4 1/2-1/2

[Event "Mistrzostwa Polski Juniorow w Szachach Szybkich Grupa D16"]
[Site "Hala Widowiskowo-Sportowa Spodek w Katowicach, Aleja Wojciecha Korfantego 35"]
[Date "1899-12-30"]
[Round "3.1"]
[White "Cieslak, Wiktoria"]
[Black "Dmochowska, Agnieszka"]
[Result "1-0"]
[WhiteTitle "k"]
[BlackTitle "WCM"]
[WhiteElo "1693"]
[BlackElo "1964"]

1. e4 c5 2. Nf3 d6 3. d4 cxd4 4. Nxd4 Nf6 5. Nc3 Nc6 6. Bg5 e6 7. Qd2 a6 8. f3
Be7 9. O-O-O O-O 10. h4 Nxd4 11. Qxd4 b5 12. Kb1 Bb7 13. Bd3 Qc7 14. g4 d5 15.
e5 Bc5 16. Qf4 Nd7 17. Rde1 b4 18. Na4 a5 19. Nxc5 Qxc5 20. h5 Ba6 21. Qd2 Bxd3
22. Qxd3 Qc4 23. Qxc4 dxc4 24. Re4 Rfc8 25. Rd1 Nb6 26. Rd6 Nd5 27. f4 c3 28.
f5 cxb2 29. Kxb2 Nc3 30. Red4 exf5 31. gxf5 Re8 32. Rd8 Raxd8 33. Rxd8 Kf8 34.
e6 fxe6 35. fxe6 Na4+ 36. Kc1 h6 37. Bh4 Nc3 38. e7+ Kf7 39. Rd2 Nxa2+ 40. Kb2
Nc3 41. Rf2+ Kg8 42. Rg2 Kf7 43. Rf2+ Kg8 44. Rg2 Nd5 45. Re2 a4 46. Re5 Nc3 47.
Be1 a3+ 48. Kb3 Kf7 49. Kxb4 Nb1 50. Kb3 Rb8+ 51. Ka2 Ke8 52. Bh4 Nc3+ 53. Kxa3
Nb1+ 54. Ka4 Nc3+ 55. Ka5 Ra8+ 56. Kb4 Ra4+ 57. Kxc3 Rxh4 58. Kb3 Rd4 59. c4 Rd7
60. Kb4 Rc7 61. Kb5 Rb7+ 62. Kc6 1-0

[Event "Mistrzostwa Polski Juniorow w Szachach Szybkich Grupa D16"]
[Site "Hala Widowiskowo-Sportowa Spodek w Katowicach, Aleja Wojciecha Korfantego 35"]
[Date "1899-12-30"]
[Round "3.2"]
[White "Marczuk, Anna"]
[Black "Topolan, Agata"]
[Result "0-1"]
[WhiteTitle "k"]
[BlackTitle "I++"]
[WhiteElo "1874"]
[BlackElo "1695"]

1. Nf3 Nc6 2. g3 e5 3. d3 d5 4. Nbd2 Nf6 5. e4 dxe4 6. dxe4 Bc5 7. Bg2 Bg4 8. O-O
O-O 9. c3 Qd3 10. Re1 Rad8 11. Bf1 Qd7 12. Qc2 Bh3 13. Bg2 Bxg2 14. Kxg2 Ng4 15.
Re2 Bxf2 16. Nc4 Bc5 17. h3 b5 18. Ncd2 Ne3+ 19. Rxe3 Bxe3 20. Nf1 Bc5 21. Bg5
f6 22. Be3 Bxe3 23. Nxe3 Ne7 24. Nh4 Qd2+ 25. Qxd2 Rxd2+ 26. Kf3 Rfd8 27. c4 bxc4
28. Nxc4 R8d3+ 29. Ne3 Rxb2 30. Rc1 c6 31. a4 Rbb3 32. Nhg2 f5 33. Rf1 f4 34.
gxf4 exf4 35. Kxf4 Ng6+ 36. Kf3 Nh4+ 37. Nxh4 Rxe3+ 38. Kg4 Rxh3 39. Nf5 h5+ 40.
Kg5 Kh7 41. Rd1 Rbd3 42. Rb1 Rd2 43. Rb7 Rg2+ 44. Kf4 Rh1 45. Rxa7 h4 46. Kf3
h3 47. Nh4 Rf1+ 48. Ke3 Rg4 49. Nf3 Rg3 50. Ke2 Rfxf3 51. Rb7 h2 52. Rb1 Re3+
53. Kf2 Rh3 54. Rh1 Rxe4 55. Kg2 Rhh4 56. a5 Ra4 0-1

[Event "Mistrzostwa Polski Juniorow w Szachach Szybkich Grupa D16"]
[Site "Hala Widowiskowo-Sportowa Spodek w Katowicach, Aleja Wojciecha Korfantego 35"]
[Date "1899-12-30"]
[Round "3.3"]
[White "Parol, Pola"]
[Black "Glapa, Anna"]
[Result "1-0"]
[WhiteTitle "I++"]
[BlackTitle "I++"]
[WhiteElo "1718"]
[BlackElo "1685"]

1. d4 d5 2. c4 e6 3. Nc3 c6 4. cxd5 exd5 5. Nf3 Bd6 6. Bg5 Be7 7. Bxe7 Qxe7 8.
Qc2 Nf6 9. e3 Bg4 10. Ne5 Bh5 11. Bd3 Nbd7 12. Nxd7 Qxd7 13. O-O Bg6 14. b4 a6
15. a4 Bxd3 16. Qxd3 O-O 17. Rfc1 Qd6 18. b5 Ng4 19. g3 Qh6 20. h4 g5 21. Qf5
Qe6 22. Qxg5+ Kh8 23. bxc6 bxc6 24. Ne2 Rg8 25. Qf4 Rg6 26. Qc7 Rf6 27. Nf4 Qe8
28. Ra3 Rb8 29. Rac3 Rb2 30. Rxc6 Rxc6 31. Qxc6 Qxc6 32. Rxc6 Nxf2 33. Rxa6 Ng4
34. Nxd5 Rb1+ 35. Kg2 Rb2+ 36. Kf3 f5 37. Kf4 h6 38. Kxf5 h5 39. e4 Rf2+ 40. Nf4
Ne3+ 41. Ke5 Rf3 42. Rh6+ Kg7 43. Rxh5 Ng4+ 44. Kd6 Nf6 45. Rg5+ Kf7 46. e5 Ne4+
47. Kd7 Nxg5 48. hxg5 Rb3 49. e6+ Kg7 50. e7 Rb7+ 51. Kd6 Rb8 52. Ne6+ Kf7 53.
Nd8+ Ke8 54. g6 Rb6+ 55. Nc6 Rb5 56. d5 Rb4 57. g7 Rg4 58. Kc7 Rxg7 59. d6 Rg8
60. d7+ Kf7 61. d8=Q Rxd8 62. exd8=Q Kg7 63. Qe7+ Kg6 64. Qf8 Kg5 65. Ne5 Kh5
66. Qf5+ Kh6 67. Qg6# 1-0

[Event "Mistrzostwa Polski Juniorow w Szachach Szybkich Grupa D16"]
[Site "Hala Widowiskowo-Sportowa Spodek w Katowicach, Aleja Wojciecha Korfantego 35"]
[Date "1899-12-30"]
[Round "3.4"]
[White "Karykowska, Anna"]
[Black "Olechnicka, Karolina"]
[Result "0-1"]
[WhiteTitle "I++"]
[BlackTitle "k++"]
[WhiteElo "1514"]
[BlackElo "1750"]

1. e4 c5 2. Nf3 d6 3. d4 cxd4 4. Nxd4 Nf6 5. Nc3 a6 6. h3 b5 7. g4 Bb7 8. Bg2 e6
9. g5 Nfd7 10. O-O Nc5 11. a3 Be7 12. h4 Nc6 13. Be3 Ne5 14. f4 Nc4 15. Bc1 Rc8
16. f5 Qb6 17. Kh1 e5 18. Nde2 f6 19. Ng3 h6 20. gxh6 Kd7 21. b3 Nxa3 22. Rxa3
b4 23. Na4 Nxa4 24. Rxa4 Bc6 25. Ra1 gxh6 26. Kh2 Rhg8 27. Qf3 Bb5 28. Rf2 Rc3
29. Qxc3 bxc3 30. Rf3 Bc6 31. Rxc3 h5 32. Be3 Qb7 33. Bf2 Rg4 34. Nxh5 Bxe4 35.
Bxe4 Qxe4 36. Rg1 Qxf5 37. Rxg4 Qxg4 38. Ng3 Qxh4+ 39. Kg2 Qb4 40. Rd3 Ke6 41.
Kf1 d5 42. Ne2 Bc5 43. Bxc5 Qxc5 44. Ke1 Qxc2 45. Rc3 Qb1+ 46. Kd2 Qb2+ 47. Rc2
Qxb3 48. Rc6+ Kf5 49. Rxa6 d4 50. Rc6 Qb4+ 51. Kc1 Qa3+ 52. Kd2 Qe3+ 53. Kd1 e4
54. Rd6 Qb3+ 55. Kd2 Qb4+ 0-1

[Event "Mistrzostwa Polski Juniorow w Szachach Szybkich Grupa D16"]
[Site "Hala Widowiskowo-Sportowa Spodek w Katowicach, Aleja Wojciecha Korfantego 35"]
[Date "1899-12-30"]
[Round "3.5"]
[White "Stebel, Agata"]
[Black "Kwiatkowska, Agnieszka"]
[Result "1/2-1/2"]
[WhiteTitle "k"]
[BlackTitle "I"]
[WhiteElo "1731"]
[BlackElo "1448"]

1. d4 d5 2. c4 e6 3. Nc3 Nf6 4. Bg5 Be7 5. Nf3 c6 6. cxd5 exd5 7. Qc2 Bg4 8. Ne5
Bh5 9. e3 Nbd7 10. Nxd7 Nxd7 11. Bf4 Bg6 12. Bd3 Bxd3 13. Qxd3 Nb6 14. O-O Bd6
15. Bg3 Bxg3 16. hxg3 O-O 17. e4 dxe4 18. Nxe4 Nd5 19. Nc5 b6 20. Ne4 Rc8 21.
Rac1 Nf6 22. Rc2 Nxe4 23. Qxe4 Re8 24. Qf3 Qxd4 25. Rxc6 Rxc6 26. Qxc6 Qe4 27.
Qc7 Qe7 28. Rc1 Kf8 29. Qc2 Qe4 30. Qc7 Qe7 31. Qc4 Qe2 32. Qc2 Qxc2 33. Rxc2
Re1+ 34. Kh2 1/2-1/2

[Event "Mistrzostwa Polski Juniorow w Szachach Szybkich Grupa D16"]
[Site "Hala Widowiskowo-Sportowa Spodek w Katowicach, Aleja Wojciecha Korfantego 35"]
[Date "1899-12-30"]
[Round "4.1"]
[White "Topolan, Agata"]
[Black "Parol, Pola"]
[Result "1/2-1/2"]
[WhiteTitle "I++"]
[BlackTitle "I++"]
[WhiteElo "1695"]
[BlackElo "1718"]

1. c4 Nf6 2. Nc3 g6 3. g3 Bg7 4. e3 O-O 5. Bg2 c5 6. d4 cxd4 7. exd4 d5 8. cxd5
Nbd7 9. Nge2 Nb6 10. Qb3 e6 11. d6 Ne8 12. Bf4 Nxd6 13. Qb4 Ndc4 14. b3 e5 15.
bxc4 exf4 16. c5 Qe7 17. O-O fxg3 18. hxg3 Nd7 19. Nf4 Nf6 20. Rfe1 Qd8 21. Rad1
Rb8 22. c6 Bg4 23. Rd2 bxc6 24. Qc5 Qb6 25. Qxc6 Qxc6 26. Bxc6 Rbc8 27. d5 Rfd8
28. Nb1 Bf5 29. Rdd1 Bg4 30. Rc1 Bh6 31. Nc3 Nh5 32. Nxh5 Bxh5 33. f4 Bg7 34.
Ne4 Bf3 35. Kf2 Bxe4 36. Rxe4 Bf8 37. Rec4 Bd6 38. Ke3 Kg7 39. Ke4 Rb8 40. g4
Rb2 41. R1c2 Rb1 42. Ra4 Rf1 43. Ke3 Re1+ 44. Kf2 Re7 45. f5 gxf5 46. gxf5 Kf6
1/2-1/2

[Event "Mistrzostwa Polski Juniorow w Szachach Szybkich Grupa D16"]
[Site "Hala Widowiskowo-Sportowa Spodek w Katowicach, Aleja Wojciecha Korfantego 35"]
[Date "1899-12-30"]
[Round "4.2"]
[White "Olechnicka, Karolina"]
[Black "Cieslak, Wiktoria"]
[Result "0-1"]
[WhiteTitle "k++"]
[BlackTitle "k"]
[WhiteElo "1750"]
[BlackElo "1693"]

1. e4 c5 2. Nf3 d6 3. d4 cxd4 4. Nxd4 Nf6 5. Nc3 a6 6. Be3 Ng4 7. Bc1 e5 8. Nb3
Nc6 9. f3 Nf6 10. Be3 Be6 11. g4 Be7 12. h4 Rc8 13. Qd2 b5 14. h5 Qc7 15. g5 Nd7
16. Bh3 Nb6 17. Nd5 Nxd5 18. exd5 Bxh3 19. Rxh3 Nd4 20. Bxd4 exd4 21. Nxd4 Qc4
22. Nc6 Rxc6 23. dxc6 Qe6+ 24. Qe2 Qxh3 25. O-O-O Qxh5 26. Rxd6 Qxg5+ 27. Kb1
O-O 28. Rd7 Bf6 29. c3 Qc5 30. Qe4 Qg1+ 31. Kc2 Qg6 32. c7 Qxe4+ 33. fxe4 h5 34.
Kd3 h4 35. Ke3 h3 36. Kf3 h2 37. Kg2 Be5 38. b3 g5 39. c4 bxc4 40. bxc4 Kg7 41.
c5 Rc8 0-1

[Event "Mistrzostwa Polski Juniorow w Szachach Szybkich Grupa D16"]
[Site "Hala Widowiskowo-Sportowa Spodek w Katowicach, Aleja Wojciecha Korfantego 35"]
[Date "1899-12-30"]
[Round "4.3"]
[White "Dmochowska, Agnieszka"]
[Black "Kozubal, Aleksandra"]
[Result "1-0"]
[WhiteTitle "WCM"]
[BlackTitle "I++"]
[WhiteElo "1964"]
[BlackElo "1633"]

1. e4 c5 2. c3 e6 3. d4 cxd4 4. cxd4 Nf6 5. Nc3 Bb4 6. Bd3 Nc6 7. Nf3 O-O 8. O-O
d6 9. Bg5 Bxc3 10. bxc3 h6 11. Bh4 e5 12. d5 Nb8 13. Nd2 Nbd7 14. Nc4 Qc7 15.
Rb1 a6 16. Ne3 Qxc3 17. Nf5 Qc7 18. Qf3 Kh7 19. Rfc1 Qb8 20. Ne7 Qa7 21. Rc7 Qd4
22. Nf5 Qa4 23. Nxd6 b5 24. Bxf6 Nxf6 25. Nxc8 Raxc8 26. Rxc8 Rxc8 27. Qf5+ 1-0

[Event "Mistrzostwa Polski Juniorow w Szachach Szybkich Grupa D16"]
[Site "Hala Widowiskowo-Sportowa Spodek w Katowicach, Aleja Wojciecha Korfantego 35"]
[Date "1899-12-30"]
[Round "4.4"]
[White "Murawko, Julia"]
[Black "Kubicka, Anna"]
[Result "1/2-1/2"]
[WhiteTitle "I++"]
[BlackTitle "m"]
[WhiteElo "1642"]
[BlackElo "1886"]

1. e4 d6 2. d4 Nf6 3. Nc3 Nbd7 4. Nf3 e5 5. Be2 Be7 6. O-O O-O 7. Re1 c6 8. a4
b6 9. h3 a6 10. Be3 Bb7 11. Qd2 Qc7 12. Rad1 Rfe8 13. Bg5 Rad8 14. Bc4 b5 15.
Bb3 b4 16. Nb1 exd4 17. Qxd4 c5 18. Qd3 h6 19. Bxf6 Nxf6 20. Nbd2 Bf8 21. Bc4
d5 22. exd5 Rxe1+ 23. Rxe1 Nxd5 24. Bxd5 Rxd5 25. Qe2 a5 26. Nc4 g6 27. Rd1 Rxd1+
28. Qxd1 Bg7 29. b3 Kh7 30. Qd6 Qxd6 31. Nxd6 Bd5 32. Nd2 Be5 33. N2c4 Bxd6 34.
Nxd6 Kg7 35. Ne8+ Kf8 36. Nf6 Bc6 37. f3 h5 38. Kf2 Ke7 39. Ne4 Bxe4 40. fxe4
g5 41. Ke3 Ke6 42. Kd3 Kd6 43. Kc4 Kc6 44. g3 f6 45. Kd3 Kd6 46. Ke2 Ke6 47. Kf2
Ke5 48. Ke3 Ke6 49. Kf2 Kd6 50. Ke2 Ke6 51. Kf2 Kd6 52. Ke2 Ke6 1/2-1/2

[Event "Mistrzostwa Polski Juniorow w Szachach Szybkich Grupa D16"]
[Site "Hala Widowiskowo-Sportowa Spodek w Katowicach, Aleja Wojciecha Korfantego 35"]
[Date "1899-12-30"]
[Round "4.5"]
[White "Antolak, Julia"]
[Black "Karleszko, Karolina"]
[Result "1-0"]
[WhiteTitle "k+"]
[BlackTitle "I+"]
[WhiteElo "1884"]
[BlackElo "1614"]

1. e4 c5 2. Nf3 Nc6 3. d4 cxd4 4. Nxd4 Qb6 5. Nb3 e6 6. Be3 Qc7 7. Nc3 a6 8. Be2
Nf6 9. O-O d6 10. f4 Be7 11. Qe1 b5 12. a3 Bb7 13. Kh1 O-O 14. Qg3 Qd7 15. Bf3
b4 16. Na4 Bd8 17. Rad1 Qe7 18. e5 Nd5 19. exd6 Qxd6 20. Bxd5 exd5 21. Bc5 Qf6
22. Bxf8 Kxf8 23. Nac5 Qe7 24. Nxb7 Qxb7 25. Rxd5 bxa3 26. bxa3 Ne7 27. Rd3 Nf5
28. Qf3 Qxf3 29. gxf3 Bf6 30. c4 a5 31. a4 Ne7 32. Nd4 Rc8 33. Rc1 Nd5 34. Ne2
Nb4 35. Rd7 Bb2 36. Rb1 Bf6 37. Ra7 Nc6 38. Ra6 Bd8 39. Nc3 Nb4 40. Ra7 Rxc4 41.
Nb5 Rxf4 42. Ra8 Nc6 43. Rc1 Rf6 44. Nd4 1-0

[Event "Mistrzostwa Polski Juniorow w Szachach Szybkich Grupa D16"]
[Site "Hala Widowiskowo-Sportowa Spodek w Katowicach, Aleja Wojciecha Korfantego 35"]
[Date "1899-12-30"]
[Round "5.1"]
[White "Cieslak, Wiktoria"]
[Black "Topolan, Agata"]
[Result "1-0"]
[WhiteTitle "k"]
[BlackTitle "I++"]
[WhiteElo "1693"]
[BlackElo "1695"]

1. e4 e5 2. Nf3 Nf6 3. Nc3 Nc6 4. d4 exd4 5. Nxd4 d6 6. Bb5 Bd7 7. O-O Nxd4 8.
Bxd7+ Qxd7 9. Qxd4 Be7 10. Bg5 h6 11. Bh4 Qg4 12. Bg3 O-O 13. f3 Qh5 14. Kh1 a6
15. a4 Rfd8 16. Qb4 Rab8 17. e5 c5 18. Qf4 dxe5 19. Qxe5 Bd6 20. Qxh5 Nxh5 21.
Bxd6 Rxd6 22. Ne4 Rd5 23. c4 Rd4 24. Nxc5 Rxc4 25. Rfc1 Rxc1+ 26. Rxc1 Rc8 27.
Rc3 Re8 28. h3 Ng3+ 29. Kh2 Nf1+ 30. Kg1 Ng3 31. Rb3 Rc8 32. Nxb7 Rc4 33. a5 Rc6
34. Rb6 Ne2+ 35. Kf2 Nd4 36. Ke3 Nc2+ 37. Kd2 Nd4 38. Kd3 Rxb6 39. axb6 Nc6 40.
Nc5 Nb8 41. b7 Kf8 42. Kc4 Ke7 43. Kd5 g6 44. b4 h5 45. h4 f6 46. g3 g5 47. f4
gxf4 48. gxf4 Kd8 49. Kd6 f5 50. Ne6+ Ke8 51. Kc7 Nd7 52. Ng7+ Ke7 53. Nxf5+ 1-0

[Event "Mistrzostwa Polski Juniorow w Szachach Szybkich Grupa D16"]
[Site "Hala Widowiskowo-Sportowa Spodek w Katowicach, Aleja Wojciecha Korfantego 35"]
[Date "1899-12-30"]
[Round "5.2"]
[White "Parol, Pola"]
[Black "Antolak, Julia"]
[Result "1/2-1/2"]
[WhiteTitle "I++"]
[BlackTitle "k+"]
[WhiteElo "1718"]
[BlackElo "1884"]

1. e4 c5 2. Nf3 e6 3. d4 cxd4 4. Nxd4 Nf6 5. Nc3 d6 6. Be3 a6 7. a4 Be7 8. Be2
Qc7 9. O-O b6 10. f4 Bb7 11. Bf3 Nbd7 12. Nb3 O-O 13. Qe1 d5 14. exd5 Nxd5 15.
Nxd5 Bxd5 16. Bxd5 exd5 17. Nd4 Bf6 18. c3 Nc5 19. Qf2 Rfe8 20. Nf5 Qd7 21. Ng3
Nd3 22. Qf3 Nxb2 23. Bxb6 Nc4 24. Qf2 Nxb6 25. Qxb6 Bxc3 26. Rac1 Bd2 27. Rc7
Qxa4 28. Qb7 Qd4+ 29. Kh1 Reb8 30. Qc6 Bxf4 31. Rd7 Bxg3 32. hxg3 Rc8 33. Qd6
Rf8 34. Qc6 Qc4 35. Rfxf7 Rxf7 36. Qxa8+ Rf8 37. Qb7 Qc1+ 38. Kh2 Qh6+ 39. Kg1
Qe3+ 40. Kh2 Qh6+ 41. Kg1 Qf6 42. Qxd5+ Kh8 43. Rd6 Qf1+ 44. Kh2 h6 1/2-1/2

[Event "Mistrzostwa Polski Juniorow w Szachach Szybkich Grupa D16"]
[Site "Hala Widowiskowo-Sportowa Spodek w Katowicach, Aleja Wojciecha Korfantego 35"]
[Date "1899-12-30"]
[Round "5.3"]
[White "Posuniak, Weronika"]
[Black "Dmochowska, Agnieszka"]
[Result "1-0"]
[WhiteTitle "I++"]
[BlackTitle "WCM"]
[WhiteElo "1642"]
[BlackElo "1964"]

1. d4 Nf6 2. c4 e6 3. Nc3 Bb4 4. Qc2 Nc6 5. Nf3 d6 6. Bg5 h6 7. Bh4 g5 8. Bg3 g4
9. Nd2 Nxd4 10. Qd3 Nf5 11. a3 Bxc3 12. Qxc3 e5 13. O-O-O Bd7 14. e3 Bc6 15. Bxe5
dxe5 16. Qxe5+ Qe7 17. Qxf5 Ba4 18. Re1 Rd8 19. Qa5 Bc6 20. Qc3 O-O 21. h3 g3
22. fxg3 Ne4 23. Nxe4 Bxe4 24. Be2 Bxg2 25. Rh2 Be4 26. Rf2 Qg5 27. Rf4 Bg6 28.
h4 Qc5 29. b4 Qc6 30. h5 Rfe8 31. hxg6 fxg6 32. Bf3 Qa4 33. Bd5+ 1-0